| 000 | 00462nam a22001697a 4500 | ||
|---|---|---|---|
| 003 | SGT | ||
| 020 | _a9781138196520 | ||
| 082 |
_a617.51 _bS19W |
||
| 100 | _aWATKINSON, JOHN C. | ||
| 245 | _aSCOTT BROWN'S OTORHINOLARYNGOLOGY HEAD & NECK SURGERY 3 VOLUME SET | ||
| 250 | _a8TH | ||
| 260 |
_aNEW YORK _bCRC PRESS PUB _c2019 |
||
| 300 | _a1356,1484,1386 | ||
| 650 | _aENT | ||
| 653 | _aSCOTT BROWN'S OTORHINOLARYNGOLOGY HEAD & NECK SURGERY | ||
| 942 |
_2ddc _cBK |
||
| 999 |
_c23262 _d23262 |
||